Catalog

Record Details

Catalog Search



Terror at Bottle Creek  Cover Image Book Book

Terror at Bottle Creek / Watt Key.

Key, Watt,: (author.).

Summary:

"Thirteen-year-old Cort's father is a local expert on hunting and swamp lore in lower Alabama who has been teaching his son everything he knows. But when a deadly Gulf Coast hurricane makes landfall, Cort must unexpectedly put his all skills--and bravery--to the test"-- Provided by publisher.

Record details

  • ISBN: 9780374374303
  • ISBN: 0374374309
  • Physical Description: 213 pages ; 22 cm
  • Edition: First edition.
  • Publisher: New York : Farrar Straus Giroux, ©2016.
Subject: Hurricanes > Juvenile fiction.
Survival > Juvenile fiction.
Swamps > Juvenile fiction.
Alabama > Juvenile fiction.
Alabama > Fiction.
Genre: Juvenile works
Adventure fiction.
Fiction.
Novels.

Available copies

  • 1 of 1 copy available at scottsboropl.

Holds

  • 0 current holds with 1 total copy.
Show Only Available Copies
Location Call Number / Copy Notes Barcode Shelving Location Status Due Date
scottsboropl JF Key 32269000980196 Juvenile - Fiction Available -

LDR 01442nam a22003738i 4500
001141007
003SBPL
00520160412132707.0
008150924s2016 nyu c 000 1 eng
010 . ‡a 2015021386
020 . ‡a9780374374303 ‡q(hardback)
020 . ‡a0374374309 ‡q(hardback)
035 . ‡a(CONS)141007
035 . ‡a(OCoLC)904082030 ‡z(OCoLC)933726634 ‡z(OCoLC)1102263037
05000. ‡aPZ7.K516 ‡bTe 2016
08200. ‡a[Fic] ‡223
1001 . ‡aKey, Watt,: ‡eauthor.
24510. ‡aTerror at Bottle Creek / ‡cWatt Key.
250 . ‡aFirst edition.
264 1. ‡aNew York : ‡bFarrar Straus Giroux, ‡c©2016.
300 . ‡a213 pages ; ‡c22 cm
336 . ‡atext ‡btxt ‡2rdacontent
337 . ‡aunmediated ‡bn ‡2rdamedia
338 . ‡avolume ‡bnc ‡2rdacarrier
520 . ‡a"Thirteen-year-old Cort's father is a local expert on hunting and swamp lore in lower Alabama who has been teaching his son everything he knows. But when a deadly Gulf Coast hurricane makes landfall, Cort must unexpectedly put his all skills--and bravery--to the test"-- ‡cProvided by publisher.
650 0. ‡aHurricanes ‡vJuvenile fiction.
650 0. ‡aSurvival ‡vJuvenile fiction.
650 0. ‡aSwamps ‡vJuvenile fiction.
651 0. ‡aAlabama ‡vJuvenile fiction.
651 1. ‡aAlabama ‡vFiction.
655 7. ‡aJuvenile works
655 7. ‡aAdventure fiction.
655 7. ‡aFiction. ‡2lcgft
655 7. ‡aNovels. ‡2lcgft
901 . ‡a141007 ‡bUnknown ‡c141007 ‡tbiblio

Additional Resources